<?xml version="1.0" encoding="UTF-8"?>
<record
    xmlns:xsi="http://www.w3.org/2001/XMLSchema-instance"
    xsi:schemaLocation="http://www.loc.gov/MARC21/slim http://www.loc.gov/standards/marcxml/schema/MARC21slim.xsd"
    xmlns="http://www.loc.gov/MARC21/slim">

  <leader>01708    a2200205   4500</leader>
  <controlfield tag="001">121464</controlfield>
  <datafield tag="020" ind1=" " ind2=" ">
    <subfield code="a">9788577431250</subfield>
  </datafield>
  <datafield tag="040" ind1=" " ind2=" ">
    <subfield code="c">Escola Canadense de Niteroi</subfield>
  </datafield>
  <datafield tag="090" ind1=" " ind2=" ">
    <subfield code="a">LUE - C1</subfield>
  </datafield>
  <datafield tag="100" ind1=" " ind2=" ">
    <subfield code="a">Luedemann, Cec&#xED;lia da Silveira</subfield>
  </datafield>
  <datafield tag="245" ind1="1" ind2="0">
    <subfield code="a">Carrapicho</subfield>
  </datafield>
  <datafield tag="250" ind1=" " ind2=" ">
    <subfield code="a">1. ed.</subfield>
  </datafield>
  <datafield tag="260" ind1=" " ind2=" ">
    <subfield code="a">S&#xE3;o Paulo</subfield>
  </datafield>
  <datafield tag="300" ind1=" " ind2=" ">
    <subfield code="a">63 p.</subfield>
    <subfield code="b">il.</subfield>
    <subfield code="c">7 x 24 cm (brochura)</subfield>
  </datafield>
  <datafield tag="362" ind1="0" ind2=" ">
    <subfield code="a">2009</subfield>
  </datafield>
  <datafield tag="520" ind1=" " ind2=" ">
    <subfield code="a">Vim de longe pra segredar outros entendimentos na leitura desta lindura da Carrapicho. N&#xE3;o quero contar para todo mundo esses segredos guardados por muito tempo. Sobre mudan&#xE7;as acontecidas no mundo, s&#xF3; por conta das crian&#xE7;as. S&#xF3; conto para crian&#xE7;as! Adultos, por favor, pulem as pr&#xF3;ximas p&#xE1;ginas. A leitura e a prosa agora &#xE9; com quem brinca, ri, sapeca, moleca, se lambuza e pede bis. &#xC9; s&#xF3; bater os olhos nas primeiras linhas pr&#xE1; sentir um comich&#xE3;o: mudar pra vila Ventania e viver na inventa&#xE7;&#xE3;o, com gostosuras e como amigos - irm&#xE3;os... Aviso pro leitor: nem pense que s&#xF3; vai ler devagarando, p&#xE1;ginas sobre o bem bom... Logo, fen&#xF4;menos sem explica&#xE7;&#xE3;o, sumi&#xE7;os e medos, dissequemedisses do mais fundo do oceano profundo galopam pelas p&#xE1;ginas e, quando os vendavais comedores de gente d&#xE3;o not&#xED;cia, n&#xE3;o tem como... foi fisgado pela hist&#xF3;ria. Fissurou total. E voc&#xEA;, grudado na hist&#xF3;ria e deliciado, que quase toda a escrivinha&#xE7;&#xE3;o soava como m&#xFA;sica, espantou ouvindo sua voz sair leve e solta, lendo e cantarolando junto... os p&#xE9;s impacientes, marcaram o ritmo das acontec&#xEA;ncias dadas pelas palavras... a&#xED;, voc&#xEA; parou e pensou. N&#xE3;o tem como fazer acontecer nada mais emocionante... Ah, tem...! </subfield>
  </datafield>
  <datafield tag="650" ind1=" " ind2="4">
    <subfield code="a">Literatura Infantil</subfield>
  </datafield>
  <datafield tag="650" ind1=" " ind2="4">
    <subfield code="a">Literatura Brasileira</subfield>
  </datafield>
  <datafield tag="942" ind1=" " ind2=" ">
    <subfield code="c">BK</subfield>
  </datafield>
  <datafield tag="952" ind1=" " ind2=" ">
    <subfield code="0">0</subfield>
    <subfield code="1">0</subfield>
    <subfield code="4">0</subfield>
    <subfield code="7">0</subfield>
    <subfield code="a">80.1</subfield>
    <subfield code="b">80.1</subfield>
    <subfield code="d">2024-02-09</subfield>
    <subfield code="l">0</subfield>
    <subfield code="o">LUE - C1</subfield>
    <subfield code="p">A06423</subfield>
    <subfield code="r">2024-02-09 21:17:22</subfield>
    <subfield code="w">2024-02-09</subfield>
    <subfield code="y">BK</subfield>
  </datafield>
  <datafield tag="999" ind1=" " ind2=" ">
    <subfield code="c">121464</subfield>
    <subfield code="d">121464</subfield>
  </datafield>
</record>
